Name a City for Every Letter - Statistics

General Stats
  • This quiz has been taken 711 times
  • The average score is 14 of 24
Answer Stats
Hint Answer % Correct
B Beijing | Bangkok | Buenos Aires | Bengaluru | Bogota | and 11 others
94%
D Delhi | Dhaka | Dallas | Dar es Salaam | Detroit | and 7 others
81%
C Cairo | Chennai | Chengdu | Chicago | Chongqing | and 10 others
80%
L Lagos | Los Angeles | London | Lahore | Lima | and 2 others
80%
M Manila | Mumbai | Mexico City | Moscow | Madrid | and 10 others
80%
A Ahmedabad | Alexandria | Atlanta | Abidjan | Amman | and 6 others
78%
N New York | Nagoya | Nanjing | Nairobi | Naples | and 4 others
75%
S Shanghai | Seoul | Sao Paulo | Shenyang | Singapore | and 12 others
72%
P Paris | Philadelphia | Pune | Phoenix | Porto Alegre | and 2 others
70%
T Tokyo | Tehran | Tianjin | Taipei | Toronto | and 3 others
70%
H Ho Chi Minh City | Hyderabad | Hangzhou | Hong Kong | Houston | and 3 others
63%
R Rio de Janeiro | Riyadh | Recife | Rawalpindi | Rome | and 1 other
62%
J Jakarta | Johannesburg | Jeddah | Jinan | Jaipur
61%
K Karachi | Kolkata | Kinshasa | Kuala Lumpur | Khartoum | and 9 others
61%
W Wuhan | Washington | Wenzhou
56%
F Fuzhou | Faisalabad | Fortaleza | Frankfurt
47%
G Guangzhou | Guadalajara | Guiyang | Guatemala City | Guayaquil
47%
O Osaka | Orlando
44%
I Istanbul | Ibadan | Indore | Isfahan | Izmir
41%
X Xiamen | Xi'an
37%
Y Yangon | Yaounde
19%
U Urumqi
17%
Z Zhengzhou | Zibo
16%
Q Qingdao
15%
No matching quizzes found
Score Distribution
Percent of People with Each Score
Percentile by Number Answered
Your Score History
You have not taken this quiz